000 00315nam a22001457a 4500
008 210222b ||||| |||| 00| 0 eng d
020 _a9780840068583
041 _aeng
080 _a541
082 _a541
100 _a12
101 _aKIM
245 _aBiochemistry
_cCampell, M & Farrell, S
942 _2udc
_cBK
999 _c55101
_d55101